000
00309nam a22001213i 4500
020
_a
9789996385230
040
_c
DLC
082
_a
TRI TRA 2016 C112 Or.
245
0
0
_a
Saddanukram dharanividya nai camnat thnak ti sakal /
300
_a
498 pages
520
_a
Glossary of land classification.
942
_c
AEDBB
999
_c
21532
_d
21532